| 000 | 00643cam a2200181 i 4500 | ||
|---|---|---|---|
| 005 | 20251202093911.0 | ||
| 008 | 250721s9999 ua gr 000 0 ara d | ||
| 082 | 1 | 4 |
_a214 _bد س و |
| 100 | 1 |
_aدسوقي، فاروق أحمد _eمؤلف. |
|
| 245 | 1 | 0 |
_aالقضاء والقدر في الإسلام / _cدكتور فاروق احمد دسوقي. |
| 264 | 3 | 1 |
_aالإسكندريه : _bدار الدعوة، _c[بين 1900 و1990]. |
| 300 | _aالجزء الثالث. | ||
| 650 | 1 | 7 | _aالإسلام. |
| 650 | 1 | 7 | _aأصول الدين الإسلامي. |
| 650 | 1 | 7 | _aالتوحيد. |
| 942 |
_2ddc _cBK |
||
| 999 |
_c18642 _d18642 |
||